000
00275nam a2200109Ia 4500
001
1275959
005
20260417160438.0
008
260417s9999 xx 000 0 und d
020
_a
9786256910157
245
0
_a
Wright Kardeşler
_c
Tuğba Hatun Murat
260
_b
Ketebe Çocuk
999
_c
1275959
_d
1275959